| 000 | 00957nam a2200301Ia 4500 | ||
|---|---|---|---|
| 001 | Z_3585 | ||
| 003 | CHAP | ||
| 008 | 220113s1978 xx 000 0 und d | ||
| 010 | _a166669 | ||
| 040 | _cCHAP | ||
| 090 | _aFolleto 425 | ||
| 100 |
_aAcosta P , Martha A _9140787 |
||
| 245 |
_aSubproductos de la caña de azúcar en la nutrición porcina : revisión bibliográfica / _cpor Martha A Acosta P. y Héctor Contreras Jauregui |
||
| 260 |
_aTorreon, Coah. : _bBanco de Crédito Rural del Centro Norte, S. A., _c1978 |
||
| 300 | _a38 h. | ||
| 440 | _a | ||
| 500 | _aRevisión bibliográfica | ||
| 503 | _a | ||
| 650 |
_aCaña de azúcar _xSubproductos _918648 |
||
| 650 |
_aGanado porcino _xAlimentos y alimentación _9140788 |
||
| 650 |
_aSubproductos agrícolas _xUtilización I. Contreras Jauregui, Héctor _9140789 |
||
| 901 | _aFolleto 425 | ||
| 902 | _aA | ||
| 910 | _a1978 | ||
| 942 | _cc14 | ||
| 942 | _cc14 | ||
| 999 |
_c166669 _d166669 |
||